| 000 | 00500nam a2200181Ia 4500 | ||
|---|---|---|---|
| 001 | 25370 | ||
| 005 | 20260414151145.0 | ||
| 008 | 260414t2008||||xx |||||||||||||| ||spa|| | ||
| 041 | _aESP | ||
| 082 |
_a346.5 _bG16 2008 |
||
| 100 |
_aGálvez Villegas, Tomás Aladino _eAUT |
||
| 245 | 0 |
_aNulidad de actos jurídicos de disposición de bienes en el proceso penal texto impreso _b |
|
| 260 | _c2008 | ||
| 300 |
_a260 páginas : _c\N |
||
| 650 | _aDER | ||
| 654 | _aCDE | ||
| 942 |
_cLIB _dJUS _fJUS _2ddc _n |
||
| 999 |
_c25370 _d25370 |
||